[Event "IECC CL7-2011.06 email"]
[Site "IECC email"]
[Date "2011.10.17"]
[Round "?"]
[White "Stakiwicz, Andrew"]
[Black "Khramkov, Alexey Gennadievic"]
[Result "0-1"]
[WhiteElo "1170"]
[BlackElo "1190"]
[PlyCount "54"]
[EventDate "2011.??.??"]
[EventType "tourn (corr)"]
[EventRounds "4"]
[SourceTitle "Telechess CBM 165"]
[Source "ChessBase"]
[SourceDate "2015.03.11"]
[SourceVersion "1"]
[SourceVersionDate "2015.03.11"]
[SourceQuality "1"]
[WhiteTeam "US of America"]
[BlackTeam "England"]
[WhiteTeamCountry "USA"]
[BlackTeamCountry "ENG"]

1. e4 Nc6 2. Nf3 d6 3. Nc3 Nf6 4. Bc4 Bg4 5. 0-0 Ne5 6. Be2 Nxf3+ 7. Bxf3 Bxf3 8. Qxf3 e5 9. d3 Qd7 10. a4 Be7 11. h3 a5 12. b3 0-0 13. Bg5 c6 14. Ne2 Ne8 15. Qg3 Bxg5 16. Qxg5 f5 17. Ng3 f4 18. Nh5 Nf6 19. Nxf6+ Rxf6 20. Qg4 Qf7 21. f3 Rg6 22. Qh4 Rg3 23. d4 Re8 24. dxe5 g5 25. Qxg3 fxg3 26. exd6 Qd7 27. Rad1 Re6 0-1

[Event "IECC O-3369"]
[Site "IECC email"]
[Date "2011.09.28"]
[Round "?"]
[White "D'Aragona, Vittoria"]
[Black "Stakiwicz, Andrew"]
[Result "1-0"]
[WhiteElo "1393"]
[BlackElo "1182"]
[PlyCount "41"]
[EventDate "2011.??.??"]
[EventType "swiss (corr)"]
[EventRounds "2"]
[SourceTitle "Telechess CBM 149"]
[Source "ChessBase"]
[SourceDate "2012.07.17"]
[SourceVersion "1"]
[SourceVersionDate "2012.07.17"]
[SourceQuality "1"]
[WhiteTeam "Italy"]
[BlackTeam "US of America"]
[WhiteTeamCountry "ITA"]
[BlackTeamCountry "USA"]

1. e4 e5 2. Nf3 Nc6 3. d4 exd4 4. Bc4 Nf6 5. 0-0 Bc5 6. e5 Ng4 7. Bg5 f6 8. exf6 Nxf6 9. Re1+ Be7 10. Bxf6 gxf6 11. Ng5 d5 12. Qh5+ Kd7 13. Ne6 Qe8 14. Qxd5+ Bd6 15. Nc5+ Kd8 16. Rxe8+ Rxe8 17. f4 Nb4 18. Nxb7+ Bxb7 19. Qxb7 Rc8 20. Na3 Bxf4 21. Qxb4 1-0

[Event "IECC CL7-2011.03 email"]
[Site "IECC email"]
[Date "2011.05.21"]
[Round "?"]
[White "Stakiwicz, Andrew"]
[Black "MacDonald, Murdo"]
[Result "1-0"]
[WhiteElo "1154"]
[BlackElo "1086"]
[PlyCount "43"]
[EventDate "2011.??.??"]
[EventType "tourn (corr)"]
[EventRounds "4"]
[SourceTitle "Telechess CBM 145"]
[Source "Chessbase"]
[SourceDate "2011.11.11"]
[SourceVersion "1"]
[SourceVersionDate "2011.11.11"]
[SourceQuality "1"]
[WhiteTeam "US of America"]
[BlackTeam "Scotland"]
[WhiteTeamCountry "USA"]
[BlackTeamCountry "SCO"]

1. e4 e6 2. c4 d5 3. exd5 exd5 4. Qe2+ Be6 5. cxd5 Qxd5 6. Nc3 Qc5 7. Nf3 Nc6 8. d4 Nxd4 9. Nxd4 Qxd4 10. Qb5+ c6 11. Qxb7 Rd8 12. Qxc6+ Bd7 13. Qa6 Nf6 14. a3 Bc5 15. Qe2+ Be6 16. Be3 Qe5 17. Qb5+ Nd7 18. Qe2 Nb6 19. Qb5+ Bd7 20. Qxc5 Qe6 21. Nb5 Qb3 22. Nc7# 1-0

[Event "IECC CL7-2011.02 email"]
[Site "IECC email"]
[Date "2011.03.28"]
[Round "?"]
[White "Campbell, Graham G"]
[Black "Stakiwicz, Andrew"]
[Result "1-0"]
[WhiteElo "1073"]
[BlackElo "1106"]
[PlyCount "97"]
[EventDate "2011.??.??"]
[EventType "tourn (corr)"]
[EventRounds "4"]
[SourceTitle "Telechess CBM 145"]
[Source "Chessbase"]
[SourceDate "2011.11.11"]
[SourceVersion "1"]
[SourceVersionDate "2011.11.11"]
[SourceQuality "1"]
[WhiteTeam "US of America"]
[BlackTeam "US of America"]
[WhiteTeamCountry "USA"]
[BlackTeamCountry "USA"]

1. e4 e5 2. Nf3 Nc6 3. Bb5 Nd4 4. Nxd4 exd4 5. 0-0 Qg5 6. a4 Nf6 7. d3 Qe5 8. Nd2 c6 9. Bc4 Be7 10. Nf3 Qc5 11. Bd2 a5 12. Re1 0-0 13. Bf4 Qb4 14. Nxd4 Qxb2 15. Nb3 d6 16. Qd2 Nxe4 17. dxe4 Qf6 18. e5 dxe5 19. Bxe5 Qg6 20. Bd3 Qh5 21. Nxa5 f6 22. Bc3 Bd6 23. Bxh7+ Qxh7 24. Qxd6 Qxc2 25. Bb4 Rf7 26. Re8+ Kh7 27. Qf4 g5 28. Qc4 Qg6 29. Rae1 b5 30. axb5 cxb5 31. Qxf7+ Qxf7 32. R1e7 Qxe7 33. Rxe7+ Kg6 34. Re8 Bb7 35. Rxa8 Bxa8 36. g4 Bf3 37. h3 f5 38. Nb3 fxg4 39. Nd4 Bd1 40. hxg4 Bxg4 41. Nxb5 Bd7 42. Nd4 g4 43. Kg2 Kh5 44. Kg3 Kg5 45. Bd2+ Kh5 46. Ne2 Bc8 47. Nf4+ Kg5 48. Nd5+ Kg6 49. Ne7+ 1-0

[Event "IECC CL7-2011.02 email"]
[Site "IECC email"]
[Date "2011.03.28"]
[Round "?"]
[White "Stakiwicz, Andrew"]
[Black "Stevenson, Walter"]
[Result "1-0"]
[WhiteElo "1091"]
[BlackElo "1131"]
[PlyCount "21"]
[EventDate "2011.??.??"]
[EventType "tourn (corr)"]
[EventRounds "4"]
[SourceTitle "Corr 2013"]
[Source "ChessBase"]
[SourceDate "2012.11.12"]
[SourceVersion "1"]
[SourceVersionDate "2012.11.12"]
[SourceQuality "1"]
[WhiteTeam "US of America"]
[BlackTeam "Canada"]
[WhiteTeamCountry "USA"]
[BlackTeamCountry "CAN"]

1. e4 c5 2. Nc3 Nc6 3. Nf3 e5 4. Bc4 Be7 5. d3 d6 6. 0-0 Be6 7. Bd5 Qd7 8. h3 Nf6 9. Bg5 Nxd5 10. exd5 Bxh3 11. gxh3 1-0

[Event "IECC M1-2011.T001"]
[Site "IECC email"]
[Date "2011.01.06"]
[Round "?"]
[White "Stakiwicz, Andrew"]
[Black "Haaland, Phillip L"]
[Result "1-0"]
[WhiteElo "1040"]
[BlackElo "962"]
[PlyCount "25"]
[EventDate "2011.??.??"]
[EventType "match (corr)"]
[EventRounds "2"]
[SourceTitle "Corr 2013"]
[Source "ChessBase"]
[SourceDate "2012.11.12"]
[SourceVersion "1"]
[SourceVersionDate "2012.11.12"]
[SourceQuality "1"]
[WhiteTeam "US of America"]
[BlackTeam "US of America"]
[WhiteTeamCountry "USA"]
[BlackTeamCountry "USA"]

1. e4 e5 2. Nf3 Nf6 3. Bc4 Bb4 4. Nxe5 d6 5. Nxf7 0-0 6. Nxd8+ Kh8 7. Nf7+ Kg8 8. Nxd6+ Kh8 9. Nf7+ Kg8 10. e5 Nfd7 11. Qh5 Nc6 12. Ng5+ Kh8 13. Qxh7# 1-0

[Event "IECC O-3264"]
[Site "IECC email"]
[Date "2010.12.20"]
[Round "?"]
[White "Stakiwicz, Andrew"]
[Black "Frome, Greg"]
[Result "1-0"]
[WhiteElo "1000"]
[BlackElo "1163"]
[PlyCount "37"]
[EventDate "2010.??.??"]
[EventType "swiss (corr)"]
[EventRounds "2"]
[SourceTitle "Telechess CBM 145"]
[Source "Chessbase"]
[SourceDate "2011.11.11"]
[SourceVersion "1"]
[SourceVersionDate "2011.11.11"]
[SourceQuality "1"]
[WhiteTeam "US of America"]
[BlackTeam "US of America"]
[WhiteTeamCountry "USA"]
[BlackTeamCountry "USA"]

1. e4 e5 2. Nf3 Nc6 3. Nc3 Nf6 4. Bb5 Bc5 5. Nxe5 Nxe5 6. d4 Bxd4 7. Qxd4 Nc6 8. Qc4 0-0 9. 0-0 Re8 10. Bf4 Re6 11. Nd5 Nxd5 12. exd5 Ne5 13. Qe2 Ng6 14. dxe6 Nxf4 15. exf7+ Kf8 16. Qe8+ Qxe8 17. fxe8Q+ Kxe8 18. Rfe1+ Kd8 19. Re4 1-0